[Event "Valasska Bystrice op"]
[Site "Valasska Bystrice"]
[Date "2023.09.16"]
[Round "9"]
[White "Divis, Jan"]
[Black "Brousek, Jiri"]
[Result "0-1"]
[WhiteElo "1506"]
[BlackElo "1817"]
[PlyCount "68"]
[EventDate "2023.09.09"]
[EventType "swiss"]
[EventRounds "9"]
[EventCountry "CZE"]
[SourceTitle "EXT 2024"]
[Source "ChessBase"]
[SourceDate "2023.10.10"]
[SourceVersion "1"]
[SourceVersionDate "2023.10.10"]
[SourceQuality "1"]

1. d4 d5 2. Bf4 c6 3. c3 Nf6 4. e3 Bf5 5. Nd2 e6 6. Ngf3 Be7 7. h3 0-0 8. Nh4 Re8 9. Nxf5 exf5 10. Qc2 Ne4 11. Nxe4 fxe4 12. 0-0-0 Nd7 13. Kb1 b5 14. f3 f5 15. g4 Bg5 16. Bxg5 Qxg5 17. f4 Qf6 18. gxf5 Qxf5 19. h4 Nb6 20. Rg1 Nc4 21. Rg3 a5 22. Qg2 Ra7 23. Bxc4 bxc4 24. Rg5 Qf6 25. Rg1 Rb8 26. Qh3 Rab7 27. R1g2 a4 28. a3 Qf8 29. Kc1 Kh8 30. Rc2 Rxb2 31. Rxb2 Qxa3 32. Rg1 Qxb2+ 33. Kd1 Qb1+ 34. Ke2 Rb2# 0-1

[Event "Valasska Bystrice op"]
[Site "Valasska Bystrice"]
[Date "2023.09.13"]
[Round "6"]
[White "Brousek, Jiri"]
[Black "Martikan, Jiri"]
[Result "1-0"]
[WhiteElo "1817"]
[BlackElo "1266"]
[PlyCount "43"]
[EventDate "2023.09.09"]
[EventType "swiss"]
[EventRounds "9"]
[EventCountry "CZE"]
[SourceTitle "EXT 2024"]
[Source "ChessBase"]
[SourceDate "2023.10.10"]
[SourceVersion "1"]
[SourceVersionDate "2023.10.10"]
[SourceQuality "1"]

1. d4 Nf6 2. Nf3 e6 3. e3 d5 4. Bd3 b6 5. Qe2 Bd6 6. b3 a5 7. Bb2 0-0 8. 0-0 Ba6 9. c4 Nc6 10. a3 Re8 11. Ne5 Ne7 12. Nd2 c5 13. f4 Nf5 14. g4 Bxe5 15. fxe5 Nxg4 16. Qxg4 Nxe3 17. Bxh7+ Kf8 18. Qh5 Nxf1 19. Rxf1 f6 20. exf6 gxf6 21. Qh6+ Ke7 22. dxc5 1-0

[Event "CZE-ch Seniors 65"]
[Site "Olomouc"]
[Date "2023.08.18"]
[Round "8"]
[White "Brousek, Jiri"]
[Black "Musil, Vitezslav"]
[Result "1-0"]
[WhiteElo "1792"]
[BlackElo "1871"]
[PlyCount "63"]
[EventDate "2023.08.12"]
[EventType "swiss"]
[EventRounds "9"]
[EventCountry "CZE"]
[SourceTitle "EXT 2024"]
[Source "ChessBase"]
[SourceDate "2023.10.10"]
[SourceVersion "1"]
[SourceVersionDate "2023.10.10"]
[SourceQuality "1"]

1. d4 Nf6 2. Nf3 g6 3. Nc3 d5 4. Bf4 Bg7 5. e3 0-0 6. Be2 b6 7. Ne5 Bb7 8. h4 Nfd7 9. h5 Nxe5 10. Bxe5 f6 11. Bg3 Kf7 12. Bd3 f5 13. Qf3 e6 14. 0-0-0 c6 15. hxg6+ hxg6 16. Rh7 Rh8 17. Rxg7+ Kxg7 18. Be5+ Kf7 19. g4 Nd7 20. Bxh8 Qxh8 21. gxf5 exf5 22. Rh1 Qg7 23. e4 dxe4 24. Nxe4 Qxd4 25. Rh7+ Ke8 26. Ng5 Qe5 27. c3 Rb8 28. Nf7 Qe1+ 29. Kc2 Ba8 30. Qf4 Qe6 31. Rh8+ Kxf7 32. Rxb8 1-0

[Event "CZE-ch Seniors 65"]
[Site "Olomouc"]
[Date "2023.08.17"]
[Round "7"]
[White "Green, Per"]
[Black "Brousek, Jiri"]
[Result "1/2-1/2"]
[WhiteElo "1919"]
[BlackElo "1792"]
[PlyCount "82"]
[EventDate "2023.08.12"]
[EventType "swiss"]
[EventRounds "9"]
[EventCountry "CZE"]
[SourceTitle "EXT 2024"]
[Source "ChessBase"]
[SourceDate "2023.10.10"]
[SourceVersion "1"]
[SourceVersionDate "2023.10.10"]
[SourceQuality "1"]

1. c4 e5 2. Nc3 Nf6 3. Nf3 Nc6 4. g3 d5 5. cxd5 Nxd5 6. Bg2 Nb6 7. 0-0 Be7 8. b3 0-0 9. Bb2 Be6 10. Rc1 f6 11. Qc2 Qd7 12. Rfd1 Nb4 13. Qb1 Bf5 14. d3 c6 15. a3 Na6 16. b4 Rfd8 17. Nh4 Be6 18. Ba1 Nc7 19. a4 Nbd5 20. Nxd5 Nxd5 21. b5 cxb5 22. axb5 a5 23. bxa6 bxa6 24. d4 Rab8 25. Qe4 Rb4 26. Rb1 Qa4 27. Rdc1 Rdb8 28. Rxb4 Rxb4 29. Nf5 Bf8 30. Qg4 Qd7 31. e4 Bxf5 32. Qxf5 Qxf5 33. exf5 Ne7 34. dxe5 fxe5 35. Bxe5 Rb5 36. Bd6 Nxf5 37. Bxf8 Kxf8 38. Be4 h6 39. Rc8+ Kf7 40. Rc7+ Ne7 41. Bd3 Ra5 1/2-1/2

[Event "CZE-ch Seniors 65"]
[Site "Olomouc"]
[Date "2023.08.14"]
[Round "4"]
[White "Brousek, Jiri"]
[Black "Pesek, Petr"]
[Result "1/2-1/2"]
[WhiteElo "1792"]
[BlackElo "1927"]
[PlyCount "54"]
[EventDate "2023.08.12"]
[EventType "swiss"]
[EventRounds "9"]
[EventCountry "CZE"]
[SourceTitle "EXT 2024"]
[Source "ChessBase"]
[SourceDate "2023.10.10"]
[SourceVersion "1"]
[SourceVersionDate "2023.10.10"]
[SourceQuality "1"]

1. d4 Nf6 2. Nf3 d5 3. e3 Bg4 4. c4 c6 5. Nc3 e6 6. cxd5 exd5 7. Qb3 Qb6 8. Qxb6 axb6 9. Ne5 Bf5 10. f3 Nbd7 11. Nxd7 Nxd7 12. e4 dxe4 13. fxe4 Bg6 14. Bd3 Be7 15. 0-0 0-0 16. Be3 Rfd8 17. Rad1 c5 18. Bb1 cxd4 19. Bxd4 Nc5 20. h3 Nd7 21. Nd5 Bc5 22. Bxc5 bxc5 23. Ne7+ Kf8 24. Nxg6+ hxg6 25. Rd5 Ke7 26. a3 b6 27. Ba2 f6 1/2-1/2

[Event "Valasska Bystrice op 13th"]
[Site "Valasska Bystrice"]
[Date "2022.09.17"]
[Round "9"]
[White "Brousek, Jiri"]
[Black "Novotny, Jaroslav2222"]
[Result "1/2-1/2"]
[WhiteElo "1786"]
[BlackElo "1882"]
[PlyCount "39"]
[EventDate "2022.09.10"]
[EventType "swiss"]
[EventRounds "9"]
[EventCountry "CZE"]
[SourceTitle "CBM 210 Extra"]
[Source "ChessBase"]
[SourceDate "2022.11.30"]
[SourceVersion "1"]
[SourceVersionDate "2022.11.30"]
[SourceQuality "1"]

1. d4 Nf6 2. Nf3 e6 3. e3 b6 4. Bd3 Bb7 5. 0-0 d5 6. Nbd2 Nbd7 7. b3 Be7 8. Bb2 0-0 9. Ne5 Nxe5 10. dxe5 Ne4 11. Nxe4 dxe4 12. Bc4 c5 13. Qe2 Qc7 14. Rad1 Rfd8 15. a4 a5 16. Rxd8+ Rxd8 17. Rd1 Rxd1+ 18. Qxd1 Qd8 19. Qxd8+ Bxd8 20. Kf1 1/2-1/2

[Event "Valasska Bystrice op 13th"]
[Site "Valasska Bystrice"]
[Date "2022.09.16"]
[Round "8"]
[White "Pan, Vladimir"]
[Black "Brousek, Jiri"]
[Result "1/2-1/2"]
[WhiteElo "2000"]
[BlackElo "1786"]
[PlyCount "76"]
[EventDate "2022.09.10"]
[EventType "swiss"]
[EventRounds "9"]
[EventCountry "CZE"]
[SourceTitle "CBM 210 Extra"]
[Source "ChessBase"]
[SourceDate "2022.11.30"]
[SourceVersion "1"]
[SourceVersionDate "2022.11.30"]
[SourceQuality "1"]

1. e4 e6 2. d4 d5 3. Nc3 Nf6 4. e5 Nfd7 5. f4 c5 6. Nf3 Nc6 7. Be3 a6 8. Qd2 b5 9. Nd1 Qb6 10. c3 cxd4 11. Nxd4 Nxd4 12. cxd4 b4 13. b3 a5 14. Nf2 Ba6 15. Nd3 Be7 16. Be2 0-0 17. 0-0 f5 18. Kh1 Rac8 19. g4 Bxd3 20. Bxd3 g6 21. gxf5 gxf5 22. Rg1+ Kh8 23. Rg2 Qb8 24. Rag1 Rg8 25. Rxg8+ Rxg8 26. Rxg8+ Kxg8 27. Qg2+ Kh8 28. Bxf5 exf5 29. Qxd5 Nb6 30. Qc6 Qd8 31. Kg1 Nd5 32. Bd2 Nxf4 33. Bxf4 Qxd4+ 34. Kg2 Qxf4 35. Qe8+ Kg7 36. Qxe7+ Kg8 37. Qd8+ Kf7 38. Qd5+ Kg7 1/2-1/2

[Event "Valasska Bystrice op 11th"]
[Site "Valasska Bystrice"]
[Date "2019.09.08"]
[Round "2"]
[White "Brousek, Jiri"]
[Black "Nagy, Ladislav1111"]
[Result "0-1"]
[WhiteElo "1844"]
[BlackElo "2080"]
[PlyCount "91"]
[EventDate "2019.09.07"]
[EventType "swiss"]
[EventRounds "9"]
[EventCountry "CZE"]
[SourceTitle "EXT 2020"]
[Source "ChessBase"]
[SourceDate "2019.10.17"]
[SourceVersion "1"]
[SourceVersionDate "2019.10.17"]
[SourceQuality "1"]

1. d4 Nf6 2. Nf3 g6 3. Nc3 d5 4. Bf4 Bg7 5. e3 0-0 6. Be2 c6 7. h3 Nfd7 8. 0-0 f6 9. e4 Nb6 10. e5 N8d7 11. Qd2 fxe5 12. Nxe5 Nxe5 13. Bxe5 Bxe5 14. dxe5 Bf5 15. Bd3 Bxd3 16. cxd3 e6 17. f4 Qe7 18. Ne2 c5 19. Nc3 a6 20. g3 Rac8 21. b3 Rfd8 22. Rac1 Nd7 23. Kh2 b5 24. a4 b4 25. Nd1 c4 26. dxc4 dxc4 27. Rxc4 Rxc4 28. bxc4 Nxe5 29. Qe2 Nc6 30. Re1 Nd4 31. Qe4 Nf5 32. Nf2 Rd2 33. Kg2 Kf7 34. c5 Qxc5 35. Qxe6+ Kg7 36. Re2 Qd5+ 37. Qxd5 Rxd5 38. g4 Nd6 39. g5 Kf7 40. Ng4 Nc4 41. Nh6+ Kf8 42. Re6 b3 43. Rxa6 b2 44. Ra8+ Ke7 45. Ng8+ Ke6 46. Ra6+ 0-1

[Event "Valasska Bystrice op 11th"]
[Site "Valasska Bystrice"]
[Date "2019.09.08"]
[Round "3"]
[White "Juracak, David"]
[Black "Brousek, Jiri"]
[Result "0-1"]
[WhiteElo "1493"]
[BlackElo "1844"]
[PlyCount "48"]
[EventDate "2019.09.07"]
[EventType "swiss"]
[EventRounds "9"]
[EventCountry "CZE"]
[SourceTitle "EXT 2020"]
[Source "ChessBase"]
[SourceDate "2019.10.17"]
[SourceVersion "1"]
[SourceVersionDate "2019.10.17"]
[SourceQuality "1"]

1. d4 e6 2. c4 Nf6 3. Nf3 c5 4. Bg5 h6 5. Bf4 d5 6. e3 Nc6 7. Bd3 cxd4 8. exd4 Bb4+ 9. Bd2 0-0 10. 0-0 Ne4 11. Bxb4 Nxb4 12. Bxe4 dxe4 13. Ne5 Nc6 14. Nxc6 bxc6 15. Nc3 f5 16. Re1 Bb7 17. Re3 Qf6 18. Rg3 Rad8 19. Ne2 c5 20. Qb3 Bc6 21. dxc5 Rd2 22. Nc3 Qd4 23. Rf1 f4 24. Rh3 e3 0-1